| 000 | 00521nam a2200169Ia 4500 | ||
|---|---|---|---|
| 999 |
_c29882 _d29882 |
||
| 003 | OSt | ||
| 005 | 20201221135510.0 | ||
| 008 | 190216s9999||||xx |||||||||||||| ||und|| | ||
| 040 | _coclc | ||
| 082 |
_a894.8121 _bNAM/U |
||
| 100 |
_aNamboodiri, Vishnu Narayanan _97168 |
||
| 245 | 0 |
_aUjjayiniyile Rappakalukal / _cVishnu Narayanan Namboodiri |
|
| 260 |
_bUniversity Of Calicut, _c1996. _aCalicut: |
||
| 300 | _a125p | ||
| 650 | _aKavithakal | ||
| 942 |
_cBK _2ddc _h894.8121 _iNAM/U _k894.8121 _mNAM/U |
||